Zahlenfolge 1 - Statistiken

Allgemein
  • Dieses Quiz wurde 272 mal gespielt
  • Das Durchschnittsergebnis liegt bei 8 aus 10
Antwortstatistiken
Zahlenfolge folgende Zahl % Korrekt
1,2,3,4, 5
100%
2,4,0,2, -2
97%
1,2,4,8, 16
93%
1,1,4,2,9,3, 16
93%
1,5,10,16, 23
86%
3,9,27, 81
83%
18,6,24,8, 32
75%
8,2,6,4, 4
71%
2,5,10,50, 500
57%
16,4,40,48, 12
45%
Keine übereinstimmenden Quizze gefunden
Verteilung der Resultate
Anzahl Personen mit jedem Resultat
Perzentil nach korrekt beantworteten Fragen
Ihre Resultats-Entwicklung
Sie haben dieses Quiz noch nicht gespielt